=LDR 00000nam 2200000 4500 =001 INLIS000000000006464 =005 20130612094611 =008 ***********************************Ind** =035 ##$$0010-061300000006464 =041 ##$$a Ind =082 ##$$a 181.45 =090 ##$$a 181.45 Bil k =100 ##$$a Billion, Anna =245 ##$$a Kundalini:Rahasia Yoga Kuno/Anna Billion =260 ##$$a 1996 $b Semarang =300 ##$$a 261 hlm. : ilus. ; 21 cm =650 ##$$a Yoga =850 ##$$a NBPNMAT